000 00391nam a2200145Ia 4500
008 100122s9999 xx 000 0 und d
082 _b49592
_a823
100 _aरायकर प्रतिभा
245 _aउपकार
260 _bप्रिया प्रकाशन
_c2002
300 _a194
630 _aउपकार
730 _aउपकार
942 _cBOOK
999 _c427447
_d427444